| 000 | 01002cam a22002895a 4500 | ||
|---|---|---|---|
| 003 | EG-ScBUE | ||
| 005 | 20220705092549.0 | ||
| 008 | 131111s1981 enka f 000 0 eng d | ||
| 020 | _a0582748674 | ||
| 040 |
_aEG-ScBUE _beng _erda _cEG-ScBUE _dEG-ScBUE |
||
| 082 | 0 | 4 |
_a428.24076 _bVAN _222 |
| 100 | 1 |
_aVance, Shelley, _eauthor. _934453 |
|
| 245 | 1 | 0 |
_aGeneral science : _btest book. _npart 2 / _cShelley Vance. |
| 264 | 1 |
_aHarlow : _bLongman Group Limited, _c1981. |
|
| 300 |
_a16 pages : _billustrations ; _c15 cm. |
||
| 336 |
_2rdacontent _atext _btxt |
||
| 337 |
_2rdamedia _aunmediated _bn |
||
| 338 |
_2rdacarrier _avolume _bnc |
||
| 490 | 0 |
_aNucleus. _aEnglish for science and technology |
|
| 650 | 7 |
_aEnglish language _xTechnical English. _2BUEsh _913397 |
|
| 650 | 7 |
_aEnglish language _vProblems, exercises, etc. _2BUEsh |
|
| 651 | _2BUEsh | ||
| 653 |
_bHHUUEENN _cSeptember2017 _cOctober2018 |
||
| 655 |
_vReading book _934232 |
||
| 942 |
_2ddc _cBB |
||
| 999 |
_c3440 _d3440 |
||